000 01062nam a22003137a 4500
003 CHAP
005 20220329143450.0
008 091110s2008 mx r 00010 spa d
010 _a97046
011 _a98018
020 _a9789708260596
035 _a108693
040 _cCHAP
082 0 4 _a851
_bD74
245 0 0 _aDos autores latinos :
_bVirgilio, Horacio
_c/por Gobierno del Estado de México
260 _aToluca, Méx. :
_bGobierno del Estado de Mexico,
_c2008
300 _a206 p.
490 0 _aBiblioteca Mexiquense del Bicentenario.
_pEspiral de Babel
590 _aBATCH-UPD
_b10
_c20130110
_lUCH01
_h1347
590 _aBATCH-UPD
_b10
_c20130410
_lUCH01
_h0845
590 _aBATCH-UPD
_b10
_c20130914
_lUCH01
_h1828
590 _aCONVERSION
_b10
_c20130109
_lUCH01
_h1354
650 1 4 _aPoesía.
_990141
710 2 _aMéxico. Gobierno del Estado.
_977067
830 0 _aBiblioteca Mexiquense del Bicentenario.
_pEspiral de Babel
_912432
901 _aBK
942 _cLIBRO
949 _a851 D74
_bBC
_cLIBRO
_d33724002103470
_eLIBRO
_gI.c/e
_h111304
_i108693
_sb
999 _c97046
_d97046